Statistics for Click the Bob Dylan Song Title Ending

Click here to take the quiz!

General Stats

  • This quiz has been taken 186 times
  • The average score is 19 of 25

Answer Stats

HintAnswer% Correct
Blowin' in theWind
99%
Like a RollingStone
96%
The Times They Area-Changin'
95%
Knockin’ on Heaven’sDoor
94%
Mr. TambourineMan
94%
Every Grain ofSand
93%
A Hard Rain’s A-GonnaFall
91%
Simple Twist ofFate
89%
All the TiredHorses
89%
All Along theWatchtower
88%
If Not ForYou
79%
ForeverYoung
79%
Make You Feel MyLove
78%
Gotta ServeSomebody
78%
Just Like aWoman
77%
Murder MostFoul
76%
FalseProphet
72%
Highway 61Revisited
68%
I Shall BeReleased
65%
As I Went Out OneMorning
62%
Tangled Up inBlue
60%
ForgetfulHeart
59%
DesolationRow
54%
Visions ofJohanna
52%
BlackRider
36%

Score Distribution

Percentile by Number Answered

Percent of People with Each Score

Your Score History

You have not taken this quiz